000 00663nam a2200181Ia 4500
008 081213s9999 xx 000 0 und d
020 _c0261672142
050 _aREF HF1001
_b.D53 1995
245 _aDictionary of business /
_cChristopher Pass, Bryan Lowes, Andrew Pendleton and Leslie Chadwick
260 _c1995
_aLondon :,
_bUnwin Hyman
300 _bill.
_a706 p.;
_c22 cm.
650 _aBusiness -- Dictionaries.
700 _a Lowes, Bryan
700 _aPendleton, Andrew
700 _aPass, Christopher
942 _cBK
_2lcc
999 _c30048
_d30048